[Event "ISR-chT 2018"]
[Site "Israel"]
[Date "2018.02.09"]
[Round "5"]
[White "Deutsch, Eyal"]
[Black "Rozentalis, Eduardas"]
[Result "1/2-1/2"]
[WhiteElo "2358"]
[BlackElo "2520"]
[Annotator "TA"]
[PlyCount "125"]
[EventDate "2018.??.??"]
[EventType "team-tourn"]
[EventCountry "ISR"]
[SourceTitle "playchess.com"]
[Source "ChessBase"]
[SourceQuality "1"]

{[%evp 9,125,9,23,16,16,16,32,35,37,29,31,33,52,47,53,40,68,69,70,37,49,0,0,-18,7,6,6,7,16,16,11,25,26,0,0,0,0,0,0,0,0,0,0,0,0,-11,0,0,0,-84,-73,-93,-76,-107,-88,-108,-48,-57,-35,-40,-9,-20,-12,-20,-16,-19,0,0,-4,-54,0,0,0,0,0,-3,0,0,0,-11,-11,-14,-10,-15,0,0,0,-22,-14,-21,-16,-35,-23,-55,-41,-44,0,0,0,0,0,-7,0,0,0,-37,-11,-66,-68,-67,0,0,-7,-22,0,-38,0,-66]} 1. d4 Nf6 2. Nc3 d5 3. Bf4 c6 4. e3 Bf5 (4... g6 5. h3 Bg7 6. Nf3 O-O 7. Bd3 a5 8. O-O Bf5 9. Ne2 Bxd3 10. Qxd3 Qb6 11. c4 Qa6 12. Rfc1 {½-½ (26) Deutsch,E (2329)-Rozentalis,E (2548) Israel 2017}) 5. f3 (5. Nf3 h6 6. Ne5 Nbd7 7. g4 Bh7 8. h4 Nxe5 9. dxe5 Ne4 10. Nxe4 Bxe4 11. f3 Bh7 12. e6 {1-0 (57) Bortnyk,O (2610)-Dreev,A (2653) Riadh 2017}) 5... e6 6. g4 {D00: 1 d4 d5: Unusual lines} Bg6 7. h4 h5 {Black wants to play ...hxg4.} 8. g5 {White is slightly better.} Ng8 {[%cal Bf6g8,Bg8e7,Be7g6][%mdl 32]} 9. Bd3 Bxd3 10. Qxd3 Ne7 11. Nge2 Ng6 12. e4 $146 ({Predecessor:} 12. O-O-O) 12... Bd6 13. Bxd6 Qxd6 14. O-O-O (14. f4 $5) 14... Nd7 15. Qe3 Nb6 {[#] aiming for ...Nc4.} 16. Kb1 O-O-O 17. b3 Kb8 18. Ka1 Rd7 19. f4 dxe4 20. Nxe4 Nd5 21. Qf3 Qc7 {[%cal Rg6f4]} 22. Nc5 Rdd8 23. Nd3 Nde7 $36 {[%mdl 2048] Black has some pressure.} 24. c3 Nf5 25. Qf2 Rd5 26. Kb2 Rhd8 27. Qf3 Rh8 28. Qf2 a5 29. Ne1 {[#]} (29. Nc5 $11 {keeps the balance.}) 29... c5 $1 $17 30. Nc2 Rhd8 31. Qf3 cxd4 32. Ncxd4 Nxd4 (32... a4 $17 33. bxa4 Ngxh4 34. Qxh5 g6) 33. Rxd4 Rxd4 34. cxd4 Qd6 35. f5 exf5 36. Qxf5 Re8 37. Qf3 Qb4 38. Rd1 Nxh4 39. Qxh5 Nf5 ({Better is} 39... Re3 $15 40. Kb1 Nf5) 40. Nc3 $11 Ne3 41. Rd3 Nc4+ 42. Kc2 Ne3+ 43. Kb2 a4 44. Qf3 Nc4+ $1 45. Kc2 axb3+ 46. axb3 Na3+ 47. Kb2 Nc4+ 48. Kc2 Nd6 49. Qd5 Rc8 {And now ...Nb5 would win.} 50. Kd1 f6 51. gxf6 gxf6 52. Na4 Re8 {( -> ...Qe1+)} (52... Nc4 $5 {[%cal Rc8e8]} 53. Qe6 Na5 $11) 53. Nc3 $1 f5 54. Kc2 Rc8 {Strongly threatening ...Ne4.} 55. Kb2 $1 Nc4+ 56. Kc2 Nd6 {White must now prevent ...Ne4.} 57. Kb2 $1 Rc6 58. Qg8+ (58. Na2 $11 Qe1 59. Rc3 Qf2+ 60. Kb1 Qf1+ 61. Kb2 Qe2+ 62. Kb1) 58... Ka7 $15 59. Qg1 Nc4+ (59... Rb6 $1 $15 60. Qa1+ Ra6) 60. Kc2 $11 Na3+ 61. Kb2 {d5+ is the strong threat.} Nc4+ 62. Kc2 Na3+ (62... Rb6 $5 {[%cal Rb4b3]} 63. Na2 Na3+ 64. Kb2 Qe7 $17) 63. Kb2 {Precision: White = 69%, Black = 47%.} 1/2-1/2

[Event "ISR-chT 2018"]
[Site "Israel"]
[Date "2018.02.09"]
[Round "5"]
[White "Sivan, Yaacov"]
[Black "Oleksiyenko, Mykhaylo"]
[Result "1/2-1/2"]
[WhiteElo "2338"]
[BlackElo "2609"]
[Annotator "TA"]
[PlyCount "186"]
[EventDate "2018.??.??"]
[EventType "team-tourn"]
[EventCountry "ISR"]
[SourceTitle "playchess.com"]
[Source "ChessBase"]
[SourceQuality "1"]

{[%evp 16,186,45,51,30,35,66,60,75,16,23,6,9,0,11,0,0,0,0,-2,0,19,12,8,18,-31,0,-60,-55,-55,0,-14,-14,-41,-30,-31,-21,-31,-26,-20,-24,-22,-16,-42,-50,-32,-25,-33,-31,-37,-42,-36,-26,-61,-61,-61,-58,-75,0,-60,-55,-70,-62,-59,-68,-56,-66,-90,-32,-41,-13,-30,-30,-24,-30,-22,0,0,0,-20,-20,-20,-20,-20,-20,-20,-20,-22,-3,-20,-14,-20,-16,-52,-56,-67,-93,-78,6,6,6,-14,-12,-8,-18,-10,0,0,0,0,0,0,0,-8,-8,-15,0,0,0,0,0,-8,-8,-6,-10,-45,-58,-77,-8,-8,-8,-116,-92,-127,-123,-93,-8,-8,-8,-8,-14,-127,-120,-121,-119,-118,-77,-76,-75,-60,-76,-62,-36,-38,-37,-56,0,-23,-23,-23,0,0,0,0,0,0,0,-8,-8,-8,-8,-8,-8]} 1. e4 c5 2. Nf3 e6 3. d4 cxd4 4. Nxd4 a6 5. Bd3 d5 6. exd5 Qxd5 7. O-O Nd7 {B42: Sicilian: Kan Variation: 5 Bd3} 8. Be3 (8. Be2 Ngf6 9. Bf3 Qd6 10. g3 Be7 11. Nc3 O-O 12. Bf4 Qb6 13. Nb3 e5 14. Re1 Qc7 15. Nd5 Nxd5 16. Qxd5 Qxc2 {½-½ (38) Akopian,V (2697)-Nikolov,M (2553) Albena 2012}) 8... Ngf6 9. c4 {LiveBook: 3 Games} Qe5 {White is slightly better.} 10. Nc3 Be7 $146 ({Predecessor:} 10... Qc7 11. Rc1 b6 12. Nd5 exd5 13. Re1 Bd6 14. cxd5 Nc5 15. Bg5+ {1-0 (33) Dervishi,E (2450)-Horvath,C (2535) Montecatini Terme 1998}) 11. Re1 O-O 12. h3 ({White should play} 12. Qf3 $16) 12... Qc7 $11 13. Rc1 b6 14. Bg5 Bc5 15. Nb3 Bd6 16. Ne4 Bh2+ 17. Kh1 Bf4 18. Nxf6+ Nxf6 19. Bxf6 gxf6 20. Be4 Rb8 (20... Ra7 {looks sharper.} 21. Rc2 f5 22. g3 Bg5 23. Bg2 Bb7) 21. Rc3 (21. Qg4+ $11 Kh8 22. c5) 21... f5 $15 22. Bf3 Be5 (22... Rd8 $15 23. Rd3 Bd7) 23. Rc2 Bg7 24. Nc1 Rd8 25. Qe2 Qd6 26. Qf1 Bd7 27. Rd1 Qe7 28. b3 Be8 29. Rcd2 Rxd2 30. Rxd2 b5 31. Rc2 Rc8 32. Qd3 Rd8 33. Qe2 Bd4 34. Rd2 Bb6 35. Rxd8 Qxd8 36. Nd3 Qd4 (36... bxc4 $1 $17 37. bxc4 Qd4) 37. Qc2 ({Better is} 37. c5 $1 $11 Bc7 38. g4) 37... e5 {[%cal Be6e5,Be5e4][%mdl 32] Strongly threatening ...e4.} 38. c5 Bc7 {aiming for ...e4.} 39. Bb7 e4 40. Ne1 Ba5 41. c6 $1 {[%cal Rc6c7]} Qe5 ({Much worse is} 41... Bxe1 $6 42. c7 $11) ({Black should try} 41... Bxc6 $1 $17 42. Qxc6 Qxf2) 42. Kg1 Kg7 43. Qc1 f4 44. Nc2 Bb6 45. Qa1 $1 {[%cal Ra1e5]} Kf6 46. Qxe5+ Kxe5 $11 {[%mdl 4096] Endgame KBB-KBN} 47. Nb4 {Nd5! is the strong threat.} Kd6 48. c7 Bxc7 49. Bxe4 a5 50. Nd3 h6 51. Kf1 Ke6 52. Ke2 Bd6 53. Bb7 f6 54. Kf3 Bh5+ 55. Ke4 Bg6+ 56. Kd4 Bc7 (56... Be5+ $1 $17 57. Nxe5 fxe5+ 58. Kc5 b4) 57. Nc5+ Ke7 58. Be4 Bf7 59. Nd3 Bb6+ 60. Kc3 Kd6 61. a3 Be8 62. Kc2 Bd4 63. Kd2 a4 64. bxa4 bxa4 65. f3 Bd7 66. Kc2 f5 67. Bb7 Be6 68. Nxf4 Bb3+ 69. Kb1 Bc4 70. h4 Be3 {[%mdl 1024] Black has compensation.} 71. g3 Ke5 (71... Bf2 $17 72. g4 fxg4 73. fxg4 Bxh4) 72. Ng6+ Kf6 73. h5 (73. Nf4 $11) 73... Bc5 74. Bc6 {[#]} Bb3 $1 75. Kb2 Kg5 (75... Bf2 $17 76. g4 fxg4 77. fxg4 Bd4+ 78. Kb1 Kg5) 76. Nf4 Bd4+ 77. Kb1 Be3 78. Nd5 {[#]} (78. Nh3+ $11 Kf6 79. Nf4) 78... Bf2 $1 $17 79. g4 fxg4 80. fxg4 Bd4 81. Nb4 Kxg4 82. Be8 Kg5 83. Nc2 Bc3 84. Kc1 Kf4 85. Nb4 Kg5 (85... Ke3 $15) 86. Nd3 Bd4 87. Nb2 Bd5 88. Nxa4 {The position is equal.} Bf3 89. Kd2 Bxh5 90. Bxh5 Kxh5 91. Ke2 Kg4 92. Kf1 $1 Kg3 {[#]} 93. Nc3 $1 {[%mdl 512]} Bxc3 {Precision: White = 61%, Black = 63%.} 1/2-1/2

[Event "ISR-chT 2018"]
[Site "Israel"]
[Date "2018.02.09"]
[Round "5"]
[White "Judkovsky, Yair"]
[Black "Frenkel, Ran"]
[Result "0-1"]
[WhiteElo "2321"]
[BlackElo "2188"]
[Annotator "TA"]
[PlyCount "82"]
[EventDate "2018.??.??"]
[EventType "team-tourn"]
[EventCountry "ISR"]
[SourceTitle "playchess.com"]
[Source "ChessBase"]
[SourceQuality "1"]

{[%evp 33,82,33,49,45,66,42,45,43,78,72,123,127,102,89,76,37,27,28,28,31,50,32,74,16,74,104,93,-34,-41,-83,-82,-118,-89,-103,-100,-110,-91,-300,-307,-710,-710,-691,-700,-689,-616,-756,-666,-1490,-1476,-1378,-1327]} 1. e4 e5 2. Nf3 Nc6 3. Bb5 a6 4. Ba4 Nf6 5. O-O b5 6. Bb3 Bc5 7. Re1 d6 8. c3 h6 9. d4 Bb6 10. h3 O-O 11. Be3 Bb7 12. Nbd2 Re8 13. d5 Ne7 {[%cal Bc6e7,Be7g6,Bg6f4][%mdl 32] C78: Ruy Lopez: Archangelsk and Möller Defences} 14. Bxb6 cxb6 15. a4 (15. Nh4 g5 16. Nf5 Nxf5 17. exf5 Rc8 18. Ne4 Nxe4 19. Rxe4 Qf6 20. Qf3 Rc5 21. Rd1 {½-½ (35) Vachier Lagrave,M (2758)-Bachmann,A (2593) Berlin 2015}) 15... bxa4 16. Bxa4 b5 17. Bc2 Ng6 {LiveBook: 3 Games} 18. Bd3 Qb6 19. b4 $146 ({Predecessor:} 19. Bf1 Rec8 20. Qb3 Nd7 21. Qb4 {½-½ (49) Kharchenko,B (2461)-Simantsev,M (2511) Kharkov 2009}) 19... Bc8 20. c4 Nf4 21. Bf1 {Hoping for cxb5.} bxc4 ({Better is} 21... Bd7) 22. Nxc4 $16 Qxb4 23. Rb1 {[%cal Ba1b1,Bb1b6,Bb6d6][%mdl 32]} Qc5 24. Rb6 Bd7 25. Rxd6 Bb5 26. Nfd2 Rec8 27. g3 (27. Rxf6 $5 gxf6 28. Qg4+ Kh8 29. Qh4 $11) 27... Ng6 28. h4 (28. Rxf6 $16 gxf6 29. Qf3) 28... Rab8 (28... Qb4 $11) 29. Rxf6 $1 gxf6 30. h5 (30. Qf3 $16) 30... Nf8 $15 ({But not} 30... Bxc4 $6 31. Nxc4 Nf8 32. Ne3 $14) 31. Qg4+ Kh8 32. Ne3 {[#] Strongly threatening Nf5.} Bd7 $1 {[%cal Rd7g4]} 33. Nf5 Bxf5 $1 34. Qxf5 {[#]} Nh7 $1 35. Bxa6 $2 (35. Nc4 $17) 35... Rg8 $19 36. Nf1 $2 (36. Qf3 Rxg3+ 37. Qxg3) 36... Qa5 $1 {[%csl LRa6,LRe1] Black is clearly winning.} 37. Rc1 Qxa6 38. Kg2 Rbc8 39. Rd1 Qe2 40. Ne3 Rc3 {( -> ...Rxe3)} 41. Qf3 {[#]} Rxe3 $1 {Precision: White = 34%, Black = 45%.} 0-1

[Event "ISR-chT 2018"]
[Site "Israel"]
[Date "2018.02.09"]
[Round "5"]
[White "Aharon, Ofir"]
[Black "Gurbanov, Andrei"]
[Result "0-1"]
[WhiteElo "2300"]
[BlackElo "2345"]
[Annotator "TA"]
[PlyCount "96"]
[EventDate "2018.??.??"]
[EventType "team-tourn"]
[EventCountry "ISR"]
[SourceTitle "playchess.com"]
[Source "ChessBase"]
[SourceQuality "1"]

{[%evp 16,96,16,2,25,18,26,10,20,27,29,0,57,47,45,8,55,56,49,28,21,8,14,14,20,18,52,4,19,12,27,27,65,66,445,0,0,0,0,0,0,0,0,0,0,0,0,0,0,0,0,-47,0,0,0,-36,-37,-28,-31,-101,-28,-187,-193,-162,0,0,12,0,0,-362,-354,-347,-347,-437,-376,-4134,-2029,-1758,-1738,-29973,-29973,-29971,-12759]} 1. g3 d5 2. Nf3 g6 3. Bg2 Bg7 4. d4 Nh6 5. O-O O-O 6. c4 {D02: 1 d4 d5 2 Nf3 sidelines, including 2...Nf6 3 g3 and 2...Nf6 3 Bf4} dxc4 7. Na3 $146 ({Predecessor:} 7. e4 Nc6 8. d5 Nb4 9. Nc3 c6 10. Qa4 a5 11. dxc6 bxc6 12. a3 Nd3 13. Qxc4 Ba6 14. Qxc6 {0-1 (23) Weindl,A (2329)-Pelletier,Y (2599) Biel 2012}) 7... Nf5 8. e3 Nd6 9. Ne5 {LiveBook: 8 Games} Be6 10. Qe2 c6 11. Naxc4 Nxc4 12. Nxc4 Bd5 13. Bh3 b5 ({Black should play} 13... c5 $11) 14. Nd2 $1 $14 f5 15. Rd1 Qb6 16. a4 Na6 {[%cal Bb8a6,Ba6c7,Bc7d5,Bd5c3][%mdl 32]} 17. b3 e5 18. Ba3 Rfe8 19. dxe5 Bxe5 20. Rab1 Rad8 21. Bg2 Nc7 {With the idea ...Bxg2.} 22. Nf3 Bg7 23. Bb2 Be4 24. Bxg7 Bxb1 $4 {[%mdl 8192]} (24... Kxg7 $14 25. Rbc1 bxa4) 25. Bf6 $2 (25. Ba1 $18) 25... Rxd1+ $11 26. Qxd1 {Threatening mate with Qd7.} Nd5 {Strongly threatening ...Be4.} 27. Bd4 c5 28. Qxb1 {Black must now prevent Ba1.} cxd4 29. Nxd4 Nc3 30. Qd3 b4 31. Qc4+ Kg7 32. h4 Qd6 33. h5 Kh6 34. hxg6 hxg6 35. Qf7 (35. Bc6 $5 {[%cal Rc6e8]} Rc8 36. Qf7 Ne2+ 37. Nxe2 $11) 35... Qe7 36. Qc4 Ne4 37. Nc6 (37. Qc6 $15 Kg7 38. Bxe4 Qxe4 39. Qa6) 37... Qc7 ({Black should try} 37... Qc5 $17 38. Qxc5 Nxc5) 38. Qb5 $2 {[#]} (38. Bxe4 $1 $11 {and White is okay.} fxe4 39. Qd5) 38... a6 $1 $19 {[%cal Ra6b5][%mdl 512]} 39. Qd5 {[#] intending Bxe4.} (39. Qxa6 Re6) 39... Nf6 $2 (39... Nxg3 $1 $19 {[%mdl 512] ...f4 is the strong threat.} 40. Bf3 (40. fxg3 Rxe3) 40... Ne4) 40. Qd4 $11 Ng4 41. Nxb4 Rd8 $36 {[%mdl 2048] Black is more active.} 42. Nd5 $2 {[%mdl 8192]} (42. Bd5 $1 $11) 42... Qc1+ $19 (42... Qc2 $2 43. e4 $17) 43. Bf1 {[#]} Qc2 $1 {[%csl LRb3,LRf2][%cal Rc2f2]} 44. e4 fxe4 {[%cal Bf5e4,Be4e3,Be3f2][%mdl 32] aiming for ...Rxd5.} 45. Bc4 $2 (45. Nb4 Rxd4 46. Nxc2) 45... Rf8 {( -> ...e3)} 46. Nf4 {[#]} e3 $1 {[%mdl 512]} 47. Be2 (47. fxe3 Qh2+) 47... exf2+ 48. Kf1 Qc1+ {Precision: White = 37%, Black = 61%.} 0-1

[Event "ISR-chT 2018"]
[Site "Israel"]
[Date "2018.02.09"]
[Round "5"]
[White "Zisman, Philip"]
[Black "Tifferet, Shaked"]
[Result "1-0"]
[WhiteElo "2293"]
[BlackElo "2284"]
[Annotator "TA"]
[PlyCount "91"]
[EventDate "2018.??.??"]
[EventType "team-tourn"]
[EventCountry "ISR"]
[SourceTitle "playchess.com"]
[Source "ChessBase"]
[SourceQuality "1"]

{[%evp 9,91,62,50,22,20,29,31,14,16,0,12,0,0,0,0,0,0,0,4,0,0,0,0,0,0,0,0,0,0,0,0,0,42,40,89,29,145,148,161,149,152,152,145,138,139,120,139,170,230,229,213,215,312,315,321,332,305,267,352,341,409,412,399,384,424,425,599,591,767,776,1339,1291,1220,954,766,746,659,565,1765,1638,5509,5509,5501,5501]} 1. d4 Nf6 2. Bg5 c6 3. Bxf6 gxf6 4. c4 d6 (4... d5 5. e3 Bg7 6. Nc3 e6 7. Rc1 O-O 8. cxd5 cxd5 9. Bd3 f5 10. Nh3 Nc6 11. O-O Bd7 12. Nf4 Rc8 {½-½ (29) Schneider,I (2489)-Korobov,A (2713) Karlsruhe 2016}) 5. Nc3 c5 $146 ({Find the theoretical novelty and annotate with similar games:} 5... f5 6. e3 Nd7 7. Bd3 Nf6 8. Qc2 e6 9. Nge2 Qc7 10. O-O Bd7 11. b4 Bg7 {1-0 (50) Granados Gomez,M (2379)-Jerez Perez,A (2460) Martinenc 2001}) 6. dxc5 {A45: Trompowsky Attack} dxc5 7. Qxd8+ Kxd8 8. O-O-O+ {White is slightly better.} Bd7 9. g3 e6 10. Bg2 Kc7 11. Nh3 a6 12. Rd2 Bc6 13. Bxc6 Nxc6 14. Rhd1 {Rd7+ is the strong threat.} Rd8 15. Rxd8 Nxd8 16. Nf4 f5 17. Nd3 $36 {[%mdl 2048] White has some pressure.} Nc6 18. e4 fxe4 19. Nxe4 b6 20. f4 Nd4 21. Ne5 f5 {[#]} 22. Ng5 (22. Nf7 $1 $16 {Hoping for Nxc5.} Rg8 23. Nf6) 22... h6 {[#]} (22... Rg8 $1 $11 {remains equal.}) 23. Rxd4 $1 $16 {[%mdl 512]} cxd4 24. Nxe6+ {[%mdl 4096] Endgame KRB-KNN} Kd6 25. Nxd4 {And now Nf7+ would win.} Rg8 26. Nxf5+ Ke6 27. Nd4+ Kf6 28. Nd7+ Kf7 (28... Kg6 {was worth a try.} 29. f5+ (29. Nxb6 Bc5 $16) 29... Kf7) 29. Nxb6 $18 Bc5 30. Nf5 Kg6 (30... Re8 $142 31. Na4 (31. Nxh6+ Kg6 $11) 31... Re4) 31. Nh4+ Kf7 32. Nd5 Bg1 33. Nf5 Rg6 34. h3 {[%cal Bh2h3,Bh3g4,Bg4g5][%mdl 32]} h5 35. g4 hxg4 36. hxg4 Re6 37. Kd2 {White is clearly winning.} Bh2 (37... a5 $142 38. Nh4 Rh6) 38. g5 Kg6 39. Nh4+ Kh5 40. Nf3 Bg3 41. Nf6+ Kg6 {[#]} 42. f5+ $1 Kxf5 43. Nd4+ Kxg5 44. Nh7+ Kh6 45. Nxe6 Kxh7 46. c5 {Precision: White = 71%, Black = 50%.} 1-0

[Event "ISR-chT 2018"]
[Site "Israel"]
[Date "2018.02.09"]
[Round "5"]
[White "Aharonovich, Itamar"]
[Black "Hochman, Elnatan"]
[Result "0-1"]
[WhiteElo "2279"]
[BlackElo "2072"]
[Annotator "TA"]
[PlyCount "96"]
[EventDate "2018.??.??"]
[EventType "team-tourn"]
[EventCountry "ISR"]
[SourceTitle "playchess.com"]
[Source "ChessBase"]
[SourceQuality "1"]

{[%evp 22,96,52,54,115,84,83,79,98,45,54,57,81,20,58,45,52,41,62,16,38,12,20,12,23,17,24,4,4,0,0,-49,-26,-366,-63,-56,-53,-48,-30,-28,0,-21,0,-46,-37,-22,0,-43,-25,-41,-43,-53,0,-86,-28,-130,-126,-171,-87,-123,-115,-110,-24,-161,-163,-162,-149,-148,-152,-243,-213,-215,-233,-322,-325,-978,-975]} 1. d4 Nf6 2. c4 g6 3. Nc3 Bg7 4. e4 d6 5. Nf3 O-O 6. Be2 e5 7. O-O Nc6 8. d5 Ne7 9. b4 Ne8 10. a4 f5 {E97: King's Indian: Classical Main Line (6...e5 7 0-0 Nc6): 8 Be3 and 8 d5 Ne7, not 9 Ne1} (10... h6 11. c5 f5 12. a5 Nf6 13. Nd2 f4 14. Ba3 g5 15. b5 g4 16. b6 axb6 17. axb6 cxb6 18. cxd6 Rxa3 19. Rxa3 {0-1 (41) Topalov,V (2749)-Nakamura,H (2780) Saint Louis 2017}) 11. Nd2 Rf7 12. c5 {LiveBook: 3 Games} Bf8 ({Black should try} 12... a5 $14) 13. Nc4 f4 14. Ba3 (14. h3 {looks sharper.} g5 15. Re1 Ng6 16. Ba3 Qf6 17. c6) 14... g5 15. Bg4 $146 (15. h3 $16) ({Predecessor:} 15. b5 Ng6 16. c6 Nf6 17. a5 g4 18. g3 Qe8 19. Qc2 h5 20. b6 bxc6 21. bxc7 {½-½ (41) Habermehl,T (2476)-Telepnev,I (2521) GER email 2016}) 15... Bxg4 16. Qxg4 Ng6 17. Nd2 (17. f3 $16) 17... Ng7 18. Qe2 h5 19. f3 Ne8 20. Rac1 Nf6 21. Rc2 g4 22. Kh1 Rg7 23. Rfc1 Nh4 24. cxd6 cxd6 25. Nb5 {aiming for Nc7.} Ne8 26. Qf2 g3 27. Qe1 $2 {[%mdl 8192] [#]} (27. Qf1 $1 $11 {and White is okay.}) 27... gxh2 $2 (27... Nxg2 $1 $19 {[%mdl 512]} 28. Kxg2 gxh2+ 29. Kh1 (29. Kxh2 $2 Rg3 $19) 29... Rg1+ 30. Qxg1+ hxg1=Q+ 31. Rxg1+ Kf7) 28. Nf1 $1 $15 a6 29. Nc3 Rc8 30. Nxh2 Qg5 {[%cal Rh4g2]} 31. Qf2 Rcc7 32. Nd1 Rcd7 33. Nb2 Be7 34. Nd3 Bd8 35. Ne1 Nf6 36. Rc8 Ng6 (36... Kh7 $15) 37. R1c2 (37. b5 $11) 37... Ne7 (37... h4 $17) 38. R8c3 (38. Ra8 $11 {remains equal.} Kf7 39. b5) 38... h4 $17 39. Bc1 Qg3 (39... Qh5 $19 40. Ng4 Nxg4 41. fxg4 Rxg4) 40. a5 Qg5 41. Nd3 Nh5 ({Black should play} 41... h3 $1 $17 {Hoping for ...hxg2+.} 42. gxh3 Qh6) 42. Ng4 (42. Qe1 $1 $11) 42... Ng3+ $19 43. Kh2 Nxe4 $1 44. fxe4 {Threatens to win with Ngxe5.} Qxg4 45. Nb2 (45. Qf1 $17) 45... Kf7 46. Nc4 Ng8 47. Re2 {[#]} Qg3+ $1 {[%mdl 512]} 48. Rxg3 $2 (48. Qxg3 hxg3+ 49. Kg1) 48... hxg3+ {Precision: White = 29%, Black = 43%.} 0-1

[Event "ISR-chT 2018"]
[Site "Israel"]
[Date "2018.02.09"]
[Round "5"]
[White "Kaplivatski, Alexander"]
[Black "Shachar, Ehud"]
[Result "0-1"]
[WhiteElo "2210"]
[BlackElo "2395"]
[Annotator "TA"]
[PlyCount "106"]
[EventDate "2018.??.??"]
[EventType "team-tourn"]
[EventCountry "ISR"]
[SourceTitle "playchess.com"]
[Source "ChessBase"]
[SourceQuality "1"]

{[%evp 21,106,6,20,27,37,-19,-13,-18,-4,-61,-56,-65,-70,-87,-61,-82,-87,-93,-67,-64,-68,-87,-72,-82,-87,-95,-88,-107,-72,-64,-64,-72,-64,-64,-64,-102,-64,-72,-72,-64,-64,-70,-64,-63,0,-64,-63,-92,-94,-81,-14,-12,-8,-11,0,-35,-50,-132,-141,-152,-152,-156,-138,-146,-147,-135,-141,-192,-194,-168,-192,-189,-179,-908,-854,-918,-821,-845,-812,-1411,-1362,-1999,-1573,-1900,-1753,-1473,-1401]} 1. e4 e6 2. d4 d5 3. Nd2 Nc6 4. Ngf3 Nf6 5. e5 Nd7 6. Bb5 a6 7. Bxc6 bxc6 8. c4 {C04: French Tarrasch: 3...Nc6} dxc4 9. Nxc4 Nb6 10. Qc2 Nxc4 11. Qxc4 Qd5 {LiveBook: 4 Games} 12. Qc2 c5 13. Be3 $146 (13. O-O $14) ({Predecessor:} 13. O-O cxd4 14. Nxd4 Bb7 15. Qa4+ Qd7 {0-1 (29) Lupulescu,C (2542)-Riazantsev,A (2599) Hengelo 2005}) 13... cxd4 $11 14. Bxd4 Bb4+ 15. Kf1 ({White should try} 15. Bc3 $11 Bxc3+ 16. Qxc3) 15... Bb7 $15 16. a3 Be7 $36 {[%mdl 2048] White is under pressure.} 17. h4 Rd8 {[#] White must now prevent ...Qb5+.} 18. Bc3 O-O 19. Rh3 Qd3+ (19... Rd7 {feels hotter.} 20. Kg1 Rfd8 21. Re1 Qc6 22. Rg3 Rd3) 20. Qxd3 Rxd3 21. Rc1 c5 22. Ba5 Bc6 23. Ke1 Rb8 24. Bc3 Bxf3 (24... Rbd8 {keeps more tension.} 25. h5 h6 26. Kf1 Be4 27. Kg1 R8d7) 25. gxf3 h5 26. Ke2 Rbd8 27. Rc2 R8d5 28. Bd2 g6 29. Be3 Rb3 30. f4 Rd7 31. Rh1 Rdb7 32. Bc1 Rd7 33. Be3 $1 Kg7 34. Rd1 Rdb7 35. Rdd2 R7b5 ({Better is} 35... Bxh4 $17 36. Bxc5 g5) 36. Kf1 $11 a5 37. Kg2 c4 {[%cal Bc5c4,Bc4d3][%mdl 32]} 38. Bd4 (38. Rd7 $5 {[%cal Rd7e7]} Rb7 39. Rxb7 Rxb7 40. Bd4 $11) 38... Rd3 39. Rxd3 (39. Be3 $15) 39... cxd3 $15 {[%mdl 4096] Endgame KRB-KRB} 40. Rd2 {[#]} Rd5 $1 {[%cal Rd5d4]} ({Don't do} 40... Bxh4 41. Rxd3 Rd5 42. Rd2 $15) 41. Be3 Bxh4 42. b4 a4 43. Kf3 Be7 44. Ke4 (44. Rd1 $17) 44... f5+ $19 45. exf6+ Bxf6 46. Rxd3 h4 {[%cal Bh5h4,Bh4h3][%mdl 32] ...Rxd3 is the strong threat.} 47. Rxd5 $2 (47. b5 Rxb5 48. Rd7+ Kg8 49. Kf3) 47... exd5+ {[%cal Be6d5,Bd5d4,Bd4d3][%mdl 32] KB-KB. Black is clearly winning.} 48. Kf3 d4 49. Bd2 Kf7 50. Ke4 Ke6 51. Bc1 h3 {( -> ...h2)} 52. Kf3 Kd5 53. Kg3 d3 {Precision: White = 42%, Black = 64%.} 0-1

[Event "ISR-chT 2018"]
[Site "Israel"]
[Date "2018.02.09"]
[Round "5"]
[White "Tratatovici, Dan"]
[Black "Cohen Revivo, Shoham"]
[Result "1/2-1/2"]
[WhiteElo "2199"]
[BlackElo "2197"]
[Annotator "TA"]
[PlyCount "83"]
[EventDate "2018.??.??"]
[EventType "team-tourn"]
[EventCountry "ISR"]
[SourceTitle "playchess.com"]
[Source "ChessBase"]
[SourceQuality "1"]

{[%evp 13,83,-12,0,-117,-103,-114,-77,-79,-73,-82,-71,-56,-55,-71,-71,-71,-71,-66,-69,-81,-69,-128,-49,-40,-35,-55,-30,-30,-29,-89,-79,-74,-36,-82,-78,-70,-91,-136,-25,-113,-96,-114,-7,-8,-8,-16,12,12,10,11,14,10,10,10,12,12,12,0,0,0,0,0,12,0,0,0,13,13,18,18,22,22]} 1. d4 e6 2. c4 b6 3. e4 Bb7 4. Bd3 f5 5. Nc3 Bb4 6. Qh5+ g6 7. Qe2 Nf6 {LiveBook: 52 Games} 8. d5 {A40: Unusual replies to 1 d4} (8. Bg5 $11 fxe4 9. Bxe4 Bxe4 10. Bxf6 Qxf6 11. Qxe4) (8. Bg5 fxe4 9. Bc2 h6 10. Bxf6 Qxf6 11. Bxe4 Nc6 12. Nf3 O-O-O 13. O-O Nxd4 14. Nxd4 Qxd4 15. Rad1 Qf6 16. Bxb7+ Kxb7 {0-1 (75) Dzagnidze,N (2570)-Hou,Y (2673) Beijing 2014}) 8... fxe4 $17 9. Bxe4 Nxe4 10. Qxe4 {Black is better.} Bxc3+ 11. bxc3 Qf6 12. Ne2 O-O 13. Be3 $146 ({Find the theoretical novelty and annotate with similar games:} 13. O-O Na6 14. Bh6 exd5 15. cxd5 Rfe8 {1-0 (74) Rodriguez Rueda,P (2209)-Pachon,A (2033) Ibague 2013}) 13... Na6 14. O-O Nc5 15. Bxc5 bxc5 16. Rab1 Ba6 17. Rb2 (17. dxe6 $15 Rae8 18. Ng3) 17... exd5 (17... Rae8 $17 18. Ng3 Qxc3) 18. Qxd5+ $15 Qf7 {aiming for ...Qxd5.} 19. Qxc5 d6 20. Qd4 Bxc4 {[#] Threatens to win with ...Rab8.} 21. f3 (21. Ra1 $11) 21... Rae8 $36 {[%mdl 2048] Keeping White busy.} 22. Rf2 Qe6 23. h3 c5 24. Qh4 d5 ({Much worse is} 24... Bxe2 $6 25. Rfxe2 Qd7 26. Rxe8 $11) 25. Ng3 Qf6 (25... Rf7 $17 26. Kh2 Qe5) 26. Qh6 (26. Qxf6 $11 {was the only way to keep the balance.} Rxf6 27. Rb7) 26... Re1+ 27. Kh2 Qf4 (27... Re7 $17 28. Rfc2 Rfe8) 28. Qxf4 $11 {The position is equal.} Rxf4 29. Rb8+ Kg7 30. Rc8 Rc1 31. Rxc5 {Black must now prevent Ne2.} Rf7 32. Rd2 Rxc3 33. Rdxd5 Bxd5 34. Rxc3 Bxa2 {[%mdl 4096] Endgame KRB-KRN} 35. Ne4 Bd5 36. Nd6 Rd7 37. Nb5 Rb7 38. Nd6 Rd7 39. Nb5 Rb7 40. Rc5 Bf7 41. Nd6 Rd7 42. Ne4 {Precision: White = 39%, Black = 46%.} 1/2-1/2